Clasificación de ecorregiones y determinación de sitio y condición. Manual de aplicación a municipios y predios rurales
Guardat en:
| Autors principals: | , , |
|---|---|
| Format: | Llibre |
| Idioma: | espanyol |
| Publicat: |
Santiago, Chile
Red de Pastizales Andinos
1993
|
| Matèries: | |
| Accés en línia: | Disponible Online |
| Etiquetes: |
Afegir etiqueta
Sense etiquetes, Sigues el primer a etiquetar aquest registre!
|
MARC
| LEADER | 00000nam a2200000 a 4500 | ||
|---|---|---|---|
| 001 | UCX8530 | ||
| 003 | CL-VaPUC | ||
| 005 | 20240916150225.0 | ||
| 008 | 940412e19930000CL |||||||||||||||||spa|d | ||
| 999 | |c 227996 |d 227994 | ||
| 040 | |c Pontificia Universidad Católica de Valparaíso | ||
| 082 | 0 | 4 | |a 630.274 GAS 1993 |2 21 |
| 100 | |a Gastó Coderch, Juan |e autor |9 757199 | ||
| 245 | 1 | 0 | |a Clasificación de ecorregiones y determinación de sitio y condición. |b Manual de aplicación a municipios y predios rurales |
| 260 | |a Santiago, Chile |b Red de Pastizales Andinos |c 1993 | ||
| 300 | |a 254 páginas | ||
| 583 | |a last modification |c 20130619 13:45:36 |k Rodrigo Vera | ||
| 650 | 0 | |a Ecorregiones |9 891448 |z Chile | |
| 650 | 0 | |a Predios agrícolas |9 545289 | |
| 700 | 0 | |a Cosio González, Fernando |e author |9 325659 | |
| 700 | 0 | |a Parrario, Daniel |e author |9 325660 | |
| 856 | |u http://bibliografiadigital.pucv.cl.pucv.idm.oclc.org/index.php/bibliotecapucv/catalog/book/453 |y Disponible Online | ||
| 942 | |c BK |2 ddc | ||
| 945 | |d 19940412 00:00:00 |a mfernand | ||
| 952 | |0 0 |1 0 |4 0 |6 630_274000000000000_GAS_1993 |7 0 |8 A |9 227553 |a BIBAGR |b BIBAGR |d 2019-11-15 |i 3401723 |o 630.274 GAS 1993 |p 3401723 |r 2025-01-20 |w 2019-11-15 |y BK |k AGR | ||
| 952 | |0 0 |1 0 |2 ddc |4 0 |6 630_274000000000000_GAS_1993 |7 0 |8 A |9 227555 |a BIBAGR |b BIBAGR |d 2019-11-15 |i 424107K |o 630.274 GAS 1993 |p 424107K |r 2025-01-20 |w 2019-11-15 |y BK |k BCB | ||